Capital cities beginning with T - Statistics

General Stats
  • This quiz has been taken 150 times
  • The average score is 9 of 12
Answer Stats
Answer % Correct
Tashkent
91%
Tehran
82%
Tokyo
82%
Tunis
80%
Tallinn
79%
Taipei
78%
Tripoli
76%
Tirana
72%
Tbilisi
69%
Thimphu
65%
Tegucigalpa
63%
Tarawa
53%
No matching quizzes found
Score Distribution
Percent of People with Each Score
Percentile by Number Answered
Your Score History
You have not taken this quiz